000
00287nam a22001337a 4500
008
181219b xxu||||| |||| 00| 0 eng d
020
_a
9780671701758
041
_a
eng
080
_a
710
100
_a
44
101
_a
ART
245
_a
The Silk Road
_c
Colin.TH
942
_2
udc
_c
BK
999
_c
53497
_d
53497